MARC

Tag First Indicator Second Indicator Subfields
LEADER 00000cam a2200000Ia 4500
001 in00003710164
005 20200104063128.0
008 121218s2012 caua b 000 0aeng d
035 |a (OCoLC)ocn821876950 
035 |a (OCoLC)821876950 
040 |a WYU  |b eng  |c WYU  |d OCLCF  |d OCLCQ  |d TXA  |d UtOrBLW 
043 |a n-us-ct 
049 |a TXAM 
050 4 |a Z232.M665  |b M377 2012 
090 |a Z232.M33  |b M27 2012 
100 1 |a Massmann, Robert E.  |d -2013  |0 http://id.loc.gov/authorities/names/no99063084 
245 1 0 |a Robert E. Massmann, my autobiography :  |b a big man with his little books ; REM Miniatures. 
246 3 0 |a REM Miniatures 
264 1 |a San Diego, Calif. :  |b Miniature Book Society,  |c 2012. 
300 |a 2 volumes in 1 (xiii, 19; 20 pages) :  |b illustrations ;  |c 73 mm 
336 |a text  |b txt  |2 rdacontent 
337 |a unmediated  |b n  |2 rdamedia 
338 |a volume  |b nc  |2 rdacarrier 
500 |a Frontispiece is a reproduction of Robert E. Massmann's bookplate. 
500 |a Two works are bound tête-bêche. 
500 |a "Three hundred and fifty copies of this publication have been designed and printed by Castle Press in Pasadena, California and bound by Mariana Blau in Los Angeles. Typeset in Abobe Garamond Pro and Reliant. Conceived by the Publications Committee of the Miniature Book Society. ... Distributed exclusively to the members. Frontispiece bookplate drawn by E. Helene Sherman"--Colophon. 
508 |a Designed by Castle Press. 
580 |a The Cushing Library/Lowman/Bibliography & Book Arts copy forms part of the Bibliography and Book Arts Section of the Al Lowman Printing Arts Collection and Research Archive. 
541 0 |a Gift of James Harner  |d 20120901 
600 1 0 |a Massmann, Robert E.  |d -2013  |0 http://id.loc.gov/authorities/names/no99063084 
650 0 |a Book collectors  |z Connecticut  |z New Britain  |v Biography. 
650 0 |a Publishers and publishing  |z Connecticut  |z New Britain  |v Biography. 
650 0 |a Miniature books  |x Collectors and collecting. 
610 2 0 |a REM Miniatures (Firm)  |v Bibliography. 
650 0 |a Miniature books  |v Specimens.  |0 http://id.loc.gov/authorities/subjects/sh85085644 
600 1 7 |a Massmann, Robert E.  |2 fast  |0 (OCoLC)fst00437743 
610 2 7 |a REM Miniatures (Firm)  |2 fast  |0 (OCoLC)fst01429576 
650 7 |a Book collectors.  |2 fast  |0 (OCoLC)fst00836139 
650 7 |a Miniature books.  |2 fast  |0 (OCoLC)fst01022666 
650 7 |a Miniature books  |x Collectors and collecting.  |2 fast  |0 (OCoLC)fst01022667 
650 7 |a Publishers and publishing.  |2 fast  |0 (OCoLC)fst01083463 
651 7 |a Connecticut  |z New Britain.  |2 fast  |0 (OCoLC)fst01202983 
655 7 |a Bibliography.  |2 fast  |0 (OCoLC)fst01423717 
655 7 |a Biography.  |2 fast  |0 (OCoLC)fst01423686 
655 7 |a Specimens.  |2 fast  |0 (OCoLC)fst01423861 
700 1 |a Blau, Mariana,  |e binder.  |0 http://id.loc.gov/authorities/names/nr98002121 
700 1 |a Sherman, E. Helene,  |e illustrator.  |0 http://id.loc.gov/authorities/names/no2010106213 
710 2 |a Miniature Book Society.  |0 http://id.loc.gov/authorities/names/n88218683 
710 2 |a Castle Press,  |e designer.  |0 http://id.loc.gov/authorities/names/n88045237 
773 0 |t Al Lowman Printing Arts Collection and Research Archive. 
948 |a cataloged  |b h  |c 2016/8/5  |d c  |e ljohnson  |f 10:26:21 am 
994 |a C0  |b TXA 
999 f f |s 95461857-27a0-3f45-8b43-618807030dbd  |i ee7dfa1c-4b42-3132-8565-6d42d45e7bb6  |t 0 
952 f f |p noncirc  |a Texas A&M University  |b College Station  |c Cushing Memorial Library & Archives  |d Cushing: Lowman (Does not check out)  |t 0  |e Z232.M33 M27 2012  |h Library of Congress classification  |i unmediated -- volume 
998 f f |a Z232.M33 M27 2012  |t 0  |l Cushing: Lowman (Does not check out)